Láska k rovnakej múze

Bibliographic Details
Main Authors: Turzonovová, Božidara, 1942- (Author), Adamovič, Jozef, 1939-2013 (Author), Kunovská, Vlasta (Author)
Format: Article
Language:Slovak
PhysicalDescription:Obr. 3.
Subjects:

MARC

LEADER 00000nab a2200000 a 4500
001 vtls000272320
003 SK-MaSNL
005 20260302213702.0
008 160215c1987 xo 0 slo
015 |a SNBRB19rr/mm-uuuuu 
035 |a CL0282434 
040 |a SNKBUCL  |b slo  |c SNKBUCL  |e AACR2 
041 0 |a slo 
044 |a xo  |c SK 
080 |a 792.071.2  |2 1981 
080 |a 791.44.071.2  |2 1981 
080 |a 792.075  |2 1981 
080 |a 929 Turzonovová, Božidara  |2 1981 
080 |a 929 Adamovič, Jozef  |2 1981 
100 1 |a Turzonovová, Božidara,  |d 1942-  |4 aut  |9 101711 
245 1 0 |a Láska k rovnakej múze  |c Božidara Turzonovová, Jozef Adamovič, Vlasta Kunovská 
300 |b Obr. 3. 
600 1 7 |a Adamovič, Jozef,  |d 1939-2013  |2 snkbucl  |9 102447 
600 1 7 |a Turzonovová, Božidara,  |d 1942-  |2 snkbucl  |9 101711 
655 7 |a články z novín a časopisov  |2 snkbucl  |9 267496 
700 1 |a Adamovič, Jozef,  |d 1939-2013  |4 aut  |9 102447 
700 1 |a Kunovská, Vlasta  |4 aut  |9 6018 
773 0 |t Slovensko  |g Roč. 11, č. 3 (1987), s. 16-17 
850 |a Slovenská národná knižnica v Martine  |a MTA001 
852 |a SNK  |b KIS3GCP 
958 |a BX 
958 |a RK 
992 |a RBX 
999 |c 1494539  |d 1496469